000 00512nam a2200193Ia 4500
999 _c28975
_d28975
003 OSt
005 20250526141145.0
008 250310s9999||||xx |||||||||||||| ||und||
020 _a81-8147-515-1
040 _c.
082 _a623.87236
_bW9128
100 _91377
_aWoodyard, Doug
245 0 _aPounder's Marine Diesel Engines and Gas Turbines /
_cDoug Woodyard
250 _a8th ed.
260 _aNew Delhi :
_bElsevier,
_c2004.
300 _a884 p.
650 0 _9245
_aMarine Diesel Motors
942 _cBK
_2ddc